La ficcionalidad en la película de Virgilio A. Mora

Salvato in:
Dettagli Bibliografici
Autore principale: Salazar Córdoba, Enid
Natura: Libro
Lingua:Undetermined
Pubblicazione: San José, Costa Rica Universidad de Costa Rica, Facultad de Letras, Escuela de Filología, Lingüística y Literatura 1995
Soggetti:
Tags: Aggiungi Tag
Nessun Tag, puoi essere il primo ad aggiungerne!!

MARC

LEADER 00000nam a2200000Ia 4500
008 170316s9999 xx 000 0 und d
999 |c 14166  |d 14166 
040 |a cru BVZT 
090 |a TESIS 516 
100 |a Salazar Córdoba, Enid 
245 |a La ficcionalidad en la película de Virgilio A. Mora 
260 |a San José, Costa Rica  |b Universidad de Costa Rica, Facultad de Letras, Escuela de Filología, Lingüística y Literatura  |c 1995 
300 |a 82 páginas 
650 |a LICENCIATURA EN FILOLOGÍA ESPAÑOLA 
650 |a TRABAJO FINAL DE GRADUACIÓN  |9 237 
942 |c TFG  |h TESIS 516  |2 z